Asian Capitals by Picture of Landmark - Statistics

General Stats
  • This quiz has been taken 52 times
  • The average score is 15 of 48
Answer Stats
Picture Answer % Correct
Beijing
95%
Jerusalem
85%
Kuala Lumpur
71%
Singapore
71%
Ankara
68%
Bangkok
59%
Tokyo
56%
Phnom Penh
46%
Pyongyang
44%
Abu Dhabi
41%
Amman
41%
Islamabad
41%
Seoul
41%
Taipei
41%
Naypyidaw
39%
New Delhi
39%
Nur-Sultan
37%
Tbilisi
37%
Tehran
37%
Dili
34%
Muscat
34%
Nicosia
34%
Thimphu
27%
Dhaka
24%
Kathmandu
24%
Jakarta
22%
Sana'a
22%
Tashkent
22%
Yerevan
22%
Baku
20%
Damascus
20%
Doha
20%
Vientiane
20%
Ashgabat
17%
Bandar Seri Begawan
17%
Beirut
17%
Malé
17%
Riyadh
17%
Hanoi
15%
Manila
12%
Baghdad
10%
Dushanbe
10%
Kabul
10%
Bishkek
7%
Kuwait
7%
Manama
7%
Sri Jayawardenepura Kotte
7%
Ulaanbaatar
5%
No matching quizzes found
Score Distribution
Percent of People with Each Score
Percentile by Number Answered
Your Score History
You have not taken this quiz